| 000 | 00000nam##2200000za#4500 |
| 001 | 9.615282 |
| 003 | CaOODSP |
| 005 | 20211126112847 |
| 007 | ta |
| 008 | 150406|2000||||xxc||||| f|0| 0 eng|d |
| 020 | |a0-662-29250-2 |
| 022 | |a1192-5434 |
| 040 | |aCaOODSP|beng |
| 043 | |an-cn--- |
| 086 | 1 |aFB3-2/100-15E |
| 110 | 2 |aBank of Canada. |
| 245 | 10|aPrivate capital flows, financial development, and economic growth in developing countries / |cby Jeannine Bailliu. |
| 260 | |aOttawa - Ontario : |bBank of Canada |c2000. |
| 300 | |avi, 22p. ; |c28 cm. |
| 490 | 1 |aWorking paper|x1192-5434|v2000-15 |
| 500 | |a"An important issue in the debate over the desirability of freer capital mobility for developing countries is whether capital flows have significant effects on economic growth... This paper helps to fill the gap in the literature by investigating the role of private capital flows in the determination of economic growth using panel data for 40 developing countries from 1975-95."--Abstract. |
| 520 | 3 |aAn important issue in the debate over the desirability of freer capital mobility for developing countries is whether capital flows have significant effects on economic growth... This paper helps to fill the gap in the literature by investigating the role of private capital flows in the determination of economic growth using panel data for 40 developing countries from 1975-95.--Abstract |
| 546 | |aRésumés en français |
| 563 | |aSoftcover |
| 590 | |a00-33|b2000-08-18 |
| 690 | 07|aDeveloping countries|2gcpds |
| 690 | 07|aEconomic development|2gcpds |
| 690 | 07|aFinancial institutions|2gcpds |
| 720 | 1 |aBailliu, Jeannine |
| 776 | 0#|tPrivate capital flows, financial development, and economic growth in developing countries / |w(CaOODSP)9.571557 |
| 830 | #0|aWorking paper,|x1192-5434|v2000-15|w(CaOODSP)9.514622 |